Úloha ministerstev práce a veřejných služeb zaměstnanosti: výzvy a reformy v České republice a v zahraničí

Súčasná problematická situácia služieb zamestnanosti, ich kvalita v rámci Európy a OECD. Vzájomná súvislosť medzi fungovaním služieb zamestnanosti a riadením a organizáciou ministerstiev práce.

Salvato in:
Dettagli Bibliografici
Autore principale: Vychová, Helena
Natura: Capitolo di libro
Lingua:ceco
Soggetti:
Tags: Aggiungi Tag
Nessun Tag, puoi essere il primo ad aggiungerne!!

MARC

LEADER 00000naa a2200000 4500
001 0188985
005 20221020082642.0
041 0 |a cze 
044 |a CZ 
245 1 0 |a Úloha ministerstev práce a veřejných služeb zaměstnanosti: výzvy a reformy v České republice a v zahraničí  |c Helena Vychová 
520 |a Súčasná problematická situácia služieb zamestnanosti, ich kvalita v rámci Európy a OECD. Vzájomná súvislosť medzi fungovaním služieb zamestnanosti a riadením a organizáciou ministerstiev práce. 
610 2 0 |a Európa 
610 2 0 |a Česko 
610 2 0 |a politika zamestnanosti 
610 2 0 |a modely sociálne 
610 2 0 |a flexikurita 
610 2 0 |a trh práce 
610 2 0 |a služby zamestnanosti 
610 2 0 |a reformy 
100 1 |a Vychová, Helena